| 000 | 01713cam a22003735i 4500 | ||
|---|---|---|---|
| 001 | 22936115 | ||
| 003 | PE-LiUPU | ||
| 005 | 20250731184119.0 | ||
| 008 | 220912s2022 pe a 000 0 spa | ||
| 010 | _a 2023407676 | ||
| 020 | _a9786124889509 | ||
| 035 | _a(PE-LiEIC)it201600019131 | ||
| 040 |
_aPE-LiUPU _bspa _erda _cPE-LiUPU |
||
| 042 | _apcc | ||
| 082 |
_223 _a869.56 _bM453s |
||
| 100 | 1 |
_aMaurate Romero, Daniel, _d1965-, _eautor. |
|
| 245 | 1 | 4 |
_aLos sueños de Ayrampito / _cDaniel Maurate Romero. |
| 250 | _aPrimera edición. | ||
| 264 | 1 |
_aLima, Perú : _bArtífice Comunicadores, _c2022. |
|
| 300 |
_a332 páginas : _bilustrado ; _c23 centímetros. |
||
| 336 |
_atext _btxt _2rdacontent |
||
| 337 |
_aunmediated _bn _2rdamedia |
||
| 338 |
_avolume _bnc _2rdacarrier |
||
| 500 | _aIncluye al inicio del libro: Prólogo y Nota del autor. Incluye al final: Testimonio fotográfico y sobre el autor. | ||
| 505 | _aTodo empezó en Acolla -- Una mirada al milagro coreano -- Conviviendo con la mina -- Mi lucha por el empleo juvenil -- Los sueños de mi madre -- Qué estudiar después del colegio -- La primera vez en la plaza de Armas -- Los viejos sabios de mi pueblo-- Capacho de corazón -- Retos en el ministerio -- Oxapampa, el paraíso -- Entre dos mundos -- El momento más difícil -- De regreso al cuartel -- El viaje de promoción -- Los que hacen doble esfuerzo -- Aprendiendo a volar -- Soñar no cuesta nada-- | ||
| 526 | _aP145 | ||
| 526 | _aP127 | ||
| 526 | _aP97 | ||
| 526 | _aP14 | ||
| 526 | _aP07 | ||
| 650 | 1 | 4 |
_aPolítica peruana _93999 |
| 942 |
_2ddc _cBK _n0 |
||
| 980 |
_618228 _aChristian Lazo Analista Documental _81 _gALBERTO SANCHEZ Responsable de Automatización |
||
| 999 |
_c62389 _d62388 |
||